| Поле | Название | Значение |
| |
Тип записи |
a |
| |
Библиографический уровень |
m |
| 001 |
Контрольный номер |
RU/УОНБ/EK_N/428003946 |
| 005 |
Дата корректировки |
20240130235949.6 |
| 010 |
Индекс ISBN |
__ |
| 9 |
Тираж |
15000 экз. |
| 013 |
Номер (ISMN) |
__ |
| d |
Цена |
55 к. |
| 071 |
Издательские номер (звукозапись и ноты) |
21 |
| a |
Номер, присвоенный агентством |
7544 |
| 100 |
Данные общей обработки |
__ |
| a |
Данные общей обработки |
20130723d1986 u y0rusy0189||||ca |
| 101 |
Язык документа |
0_ |
| a |
Язык текста |
rus |
| f |
Язык титульного листа |
rus |
| 102 |
Страна публикации |
__ |
| a |
Страна публикации |
RU |
| 105 |
Кодированные данные (монография) |
__ |
| a |
Кодированные данные (монография) |
y###||||000|y |
| 125 |
Кодированные данные звукозаписи и нотных изданий |
__ |
| a |
Форма изложения нотного текста |
с| |
| 128 |
Кодированные данные (звукозаписи-физические характеристики) |
__ |
| a |
Кодированные данные: Музыкальная форма и тональность или лад |
zz |
| c |
Инструменты или голоса, рекомендуемые для солистов (устаревшее) |
kt|| |
| 200 |
Заглавие и сведения об ответственности |
1_ |
| a |
Заглавие |
Вып. 25 |
| f |
Первые сведения об ответственности |
сост. М. М. Цыбулин |
| 210 |
Выходные данные |
1_ |
| d |
Дата издания |
1986 |
| 215 |
Физическое описание |
__ |
| a |
Объем |
32 c. |
| 327 |
Примечание о содержании |
11 |
| a |
Примечание о содержании |
Содерж. : Шостакович Д. Полька. - Кабалевский Д. Марш. - Гедике А. Танец. - Ипполитов-Иванов М. Шествие Сардаря : из цикла "Кавказские эскизы". - Дунаевский И. Колыбельная. - Мотов В. Скерцетто. - Шахов Г. Хоровод. - Бухвостов В. Веселый ветерок. - Будницкий Б. Марш. - Ефимов В. Кружевница. - Цыбулин М. Две пьесы : Важный гусь ; Канон. - Бурмистров А. Прелюдия. - Агеев В. Полифоническая пьеса. - Глинка М. Жаворонок ; Полька. - Варламов А. На заре ты ее не буди. - Гулак-Артемовский С. Романс : из оперы "Запорожец за Дунаем". - Мусоргский М. Слеза. - Чайковский П. Дуэт Прилепы и Миловзора : из оперы "Пиковая дама". - Монтеверди К. Надежда. - Глюк Х. Летняя ночь. - Гайдн Й. Канон. - Моцарт В. Народный танец. - Бетховен Л. Немецкий танец. - Шуберт Ф. Вальс ; Форель. - Пуни Ц. Русский танец : из балета "Конек-Горбунок". - Верди Д. Марш : из оперы "Аида". - За двором лужок зеленешенек : рус. нар. песня. - На заре : рус. нар. песня. - Земелюшка-чернозем : рус. нар. песня. - Во сыром бору тропина : рус. нар. песня. - Солнце на закате : рус. нар. песня. - Вечiр на дворi : укр. нар. песня. - Молодая девушка : таджик. нар. песня. - Мотылек : туркмен. нар. песня. |
| 461 |
Уровень набора |
_0 |
| 1 |
|
001RU/УОНБ/EK_N/426262497 |
| 1 |
|
200 |
| a |
|
Альбом начинающего аккордеониста |
| b |
|
[Ноты] |
| v |
|
Вып. 25 |
| 1 |
|
210 |
| a |
|
М. |
| c |
|
Советский композитор |
| d |
|
1986 |
| 464 |
Аналитический уровень |
_0 |
| 1 |
|
2001 |
| a |
|
Полька |
| 1 |
|
700 1 |
| a |
|
Шостакович |
| b |
|
Д. |
| 4 |
|
230 |
| 464 |
Аналитический уровень |
_0 |
| 1 |
|
2001 |
| a |
|
Марш |
| 1 |
|
700 1 |
| a |
|
Кабалевский |
| b |
|
Д. |
| 4 |
|
230 |
| 464 |
Аналитический уровень |
_0 |
| 1 |
|
2001 |
| a |
|
Танец |
| 1 |
|
700 1 |
| a |
|
Гедике |
| b |
|
А. |
| 4 |
|
230 |
| 464 |
Аналитический уровень |
_0 |
| 1 |
|
2001 |
| a |
|
Шествие Сардаря |
| e |
|
из цикла "Кавказские эскизы" |
| 1 |
|
700 1 |
| a |
|
Ипполитов-Иванов |
| b |
|
М. |
| 4 |
|
230 |
| 1 |
|
50010 |
| a |
|
Кавказские эскизы |
| 464 |
Аналитический уровень |
_0 |
| 1 |
|
2001 |
| a |
|
Колыбельная |
| 1 |
|
700 1 |
| a |
|
Дунаевский |
| b |
|
И. |
| 4 |
|
230 |
| 464 |
Аналитический уровень |
_0 |
| 1 |
|
2001 |
| a |
|
Скерцетто |
| 1 |
|
700 1 |
| a |
|
Мотов |
| b |
|
В. |
| 4 |
|
230 |
| 464 |
Аналитический уровень |
_0 |
| 1 |
|
2001 |
| a |
|
Хоровод |
| 1 |
|
700 1 |
| a |
|
Шахов |
| b |
|
Г. |
| 4 |
|
230 |
| 464 |
Аналитический уровень |
_0 |
| 1 |
|
2001 |
| a |
|
Веселый ветерок |
| 1 |
|
700 1 |
| a |
|
Бухвостов |
| b |
|
В. |
| 4 |
|
230 |
| 464 |
Аналитический уровень |
_0 |
| 1 |
|
2001 |
| a |
|
Марш |
| 1 |
|
700 1 |
| a |
|
Будницкий |
| b |
|
Б. |
| 4 |
|
230 |
| 464 |
Аналитический уровень |
_0 |
| 1 |
|
2001 |
| a |
|
Кружевница |
| 1 |
|
700 1 |
| a |
|
Ефимов |
| b |
|
В. |
| 4 |
|
230 |
| 464 |
Аналитический уровень |
_0 |
| 1 |
|
2001 |
| a |
|
Важный гусь |
| 1 |
|
700 1 |
| a |
|
Цыбулин |
| b |
|
М. |
| 4 |
|
230 |
| 464 |
Аналитический уровень |
_0 |
| 1 |
|
2001 |
| a |
|
Прелюдия |
| 1 |
|
700 1 |
| a |
|
Бурмистров |
| b |
|
А. |
| 4 |
|
230 |
| 464 |
Аналитический уровень |
_0 |
| 1 |
|
2001 |
| a |
|
Полифоническая пьеса |
| 1 |
|
700 1 |
| a |
|
Агеев |
| b |
|
В. |
| 4 |
|
230 |
| 464 |
Аналитический уровень |
_0 |
| 1 |
|
2001 |
| a |
|
Жаворонок |
| 1 |
|
700 1 |
| a |
|
Глинка |
| b |
|
М. |
| 4 |
|
230 |
| 464 |
Аналитический уровень |
_0 |
| 1 |
|
2001 |
| a |
|
На заре ты ее не буди |
| 1 |
|
700 1 |
| a |
|
Варламов |
| b |
|
А. |
| 4 |
|
230 |
| 464 |
Аналитический уровень |
_0 |
| 1 |
|
2001 |
| a |
|
Романс |
| e |
|
из оперы "Запорожец за Дунаем" |
| 1 |
|
700 1 |
| a |
|
Гулак-Артемовский |
| b |
|
С. |
| 4 |
|
230 |
| 1 |
|
50010 |
| a |
|
Запорожец за Дунаем |
| 464 |
Аналитический уровень |
_0 |
| 1 |
|
2001 |
| a |
|
Слеза |
| 1 |
|
700 1 |
| a |
|
Мусоргский |
| b |
|
М. |
| 4 |
|
230 |
| 464 |
Аналитический уровень |
_0 |
| 1 |
|
2001 |
| a |
|
Дуэт Прилепы и Миловзора |
| e |
|
из оперы "Пиковая дама" |
| 1 |
|
700 1 |
| a |
|
Чайковский |
| b |
|
П. |
| 4 |
|
230 |
| 1 |
|
50010 |
| a |
|
Пиковая дама |
| 464 |
Аналитический уровень |
_0 |
| 1 |
|
2001 |
| a |
|
Надежда |
| 1 |
|
700 1 |
| a |
|
Монтеверди |
| b |
|
К. |
| 4 |
|
230 |
| 464 |
Аналитический уровень |
_0 |
| 1 |
|
2001 |
| a |
|
Летняя ночь |
| 1 |
|
700 1 |
| a |
|
Глюк |
| b |
|
Х. |
| 4 |
|
230 |
| 464 |
Аналитический уровень |
_0 |
| 1 |
|
2001 |
| a |
|
Канон |
| 1 |
|
700 1 |
| a |
|
Гайдн |
| b |
|
Й. |
| 4 |
|
230 |
| 464 |
Аналитический уровень |
_0 |
| 1 |
|
2001 |
| a |
|
Народный танец |
| 1 |
|
700 1 |
| a |
|
Моцарт |
| b |
|
В. |
| 4 |
|
230 |
| 464 |
Аналитический уровень |
_0 |
| 1 |
|
2001 |
| a |
|
Немецкий танец |
| 1 |
|
700 1 |
| a |
|
Бетховен |
| b |
|
Л. |
| 4 |
|
230 |
| 464 |
Аналитический уровень |
_0 |
| 1 |
|
2001 |
| a |
|
Вальс |
| 1 |
|
700 1 |
| a |
|
Шуберт |
| b |
|
Ф. |
| 4 |
|
230 |
| 464 |
Аналитический уровень |
_0 |
| 1 |
|
2001 |
| a |
|
Русский танец |
| e |
|
из балета "Конек-Горбунок" |
| 1 |
|
700 1 |
| a |
|
Пуни |
| b |
|
Ц. |
| 4 |
|
230 |
| 1 |
|
50010 |
| a |
|
Конек-Горбунок |
| 464 |
Аналитический уровень |
_0 |
| 1 |
|
2001 |
| a |
|
Марш |
| e |
|
из оперы "Аида" |
| 1 |
|
700 1 |
| a |
|
Верди |
| b |
|
Д. |
| 4 |
|
230 |
| 1 |
|
50010 |
| a |
|
Аида |
| 464 |
Аналитический уровень |
_0 |
| 1 |
|
2001 |
| a |
|
За двором лужок зеленешенек |
| e |
|
рус. нар. песня |
| 464 |
Аналитический уровень |
_0 |
| 1 |
|
2001 |
| a |
|
На заре |
| e |
|
рус. нар. песня |
| 464 |
Аналитический уровень |
_0 |
| 1 |
|
2001 |
| a |
|
Земелюшка-чернозем |
| e |
|
рус. нар. песня |
| 464 |
Аналитический уровень |
_0 |
| 1 |
|
2001 |
| a |
|
Во сыром бору тропина |
| e |
|
рус. нар. песня |
| 464 |
Аналитический уровень |
_0 |
| 1 |
|
2001 |
| a |
|
Солнце на закате |
| e |
|
рус. нар. песня |
| 464 |
Аналитический уровень |
_0 |
| 1 |
|
2001 |
| a |
|
Вечiр на дворi |
| e |
|
укр. нар. песня |
| 464 |
Аналитический уровень |
_0 |
| 1 |
|
2001 |
| a |
|
Молодая девушка |
| e |
|
таджик. нар. песня |
| 464 |
Аналитический уровень |
_0 |
| 1 |
|
2001 |
| a |
|
Мотылек |
| e |
|
туркмен. нар. песня |
| 464 |
Аналитический уровень |
_0 |
| 1 |
|
2001 |
| a |
|
Канон |
| 1 |
|
700 1 |
| a |
|
Цыбулин |
| b |
|
М. |
| 4 |
|
230 |
| 464 |
Аналитический уровень |
_0 |
| 1 |
|
2001 |
| a |
|
Полька |
| 1 |
|
700 1 |
| a |
|
Глинка |
| b |
|
М. |
| 4 |
|
230 |
| 464 |
Аналитический уровень |
_0 |
| 1 |
|
2001 |
| a |
|
Форель |
| 1 |
|
700 1 |
| a |
|
Шуберт |
| b |
|
Ф. |
| 4 |
|
230 |
| 512 |
Заглавие обложки |
1_ |
| a |
Заглавие обложки |
Альбом начинающего аккордеониста |
| 606 |
Тематические рубрики |
0_ |
| a |
Основная рубрика |
Аккордеон |
| 610 |
Ключевые слова |
0_ |
| a |
Ключевые слова |
аккордеон |
| 686 |
Индексы других классификаций |
__ |
| a |
Классификационный индекс |
85.954.7я43 |
| 2 |
Код системы |
rubbk |
| 702 |
Вторичная интеллектуальная ответственность |
_1 |
| a |
Фамилия |
Цыбулин |
| b |
Имя (инициалы) |
М. М. |
| 4 |
Код отношения |
220 |
| 801 |
Источник записи |
_0 |
| a |
Страна |
RU |
| b |
Организация |
Ульяновская ОНБ |
| c |
Дата составления |
20130723 |
| g |
Правила каталогизации |
RCR |
| 801 |
Источник записи |
_1 |
| a |
Страна |
RU |
| b |
Организация |
Ульяновская ОНБ |
| c |
Дата составления |
20130723 |
| g |
Правила каталогизации |
RCR |
| 901 |
Тип документа |
__ |
| t |
Тип документа |
n |
| w |
Контрольный № источника |
RU/УОНБ/EK_N/426262497 |
| 909 |
Создатель записи |
__ |
| a |
Создатель записи |
Лобина Л. И. |
| 938 |
Служебная информация |
__ |
| a |
Имя БД |
noti |
| b |
Имя библиотеки |
УОНБ |
| c |
Имя АИБС |
МАРК-SQL |
| d |
Номер DOC_ID в БД |
11588 |